Central Library OPAC University of Rajshahi

Principles of micro-economics / (Record no. 8657)

MARC details
000 -LEADER
fixed length control field 00897nam a2200265 a 4500
001 - CONTROL NUMBER
control field 8657
003 - CONTROL NUMBER IDENTIFIER
rucl marc code BD-RjUL
005 - DATE AND TIME OF LATEST TRANSACTION
control field 20211208234628.0
008 - FIXED-LENGTH DATA ELEMENTS--GENERAL INFORMATION
fixed length control field 190226s1980 ohua b 001 0 eng
020 ## - INTERNATIONAL STANDARD BOOK NUMBER
International Standard Book Number 0538081309
035 ## - SYSTEM CONTROL NUMBER
System control number (BD-RjUL)8702
040 ## - CATALOGING SOURCE
Original cataloging agency DLC
Transcribing agency DLC
Modifying agency DLC
-- BD-RjUL
Language of cataloging eng
041 ## - LANGUAGE CODE
Language code of text/sound track or separate title eng
082 00 - DEWEY DECIMAL CLASSIFICATION NUMBER
Classification number 338.5
Edition number 23
Author mark and year AMP 1980
100 1# - MAIN ENTRY--PERSONAL NAME
Personal name Amacher, Ryan C.
9 (RLIN) 8150
245 10 - TITLE STATEMENT
Title Principles of micro-economics /
Statement of responsibility, etc. Ryan C. Amacher, Richard James Sweeney ; consulting editor, Lloyd M. Valentine.
260 ## - PUBLICATION, DISTRIBUTION, ETC. (IMPRINT)
Place of publication, distribution, etc. Cincinnati, Ohio :
Name of publisher, distributor, etc. South-Western Pub. Co.,
Date of publication, distribution, etc. c1980.
300 ## - PHYSICAL DESCRIPTION
Pagination xv, 448 p. :
Illustrations ill. ;
Size 24 cm.
504 ## - BIBLIOGRAPHY, ETC. NOTE
Bibliography, etc Includes bibliographies and index.
650 #0 - SUBJECT ADDED ENTRY--TOPICAL TERM
Topical term or geographic name as entry element Microeconomics.
9 (RLIN) 228661
700 1# - ADDED ENTRY--PERSONAL NAME
Personal name Sweeney, Richard J.
Fuller form of name (Richard James),
Dates associated with a name 1944- , jt. auth.
Personal name Valentine, Lloyd M. , consulting ed.
942 ## - ADDED ENTRY ELEMENTS (KOHA)
Source of classification or shelving scheme Dewey Decimal Classification
Koha item type Books
Holdings
Lost status Source of classification or shelving scheme Damaged status Not for loan Collection code Permanent Location Current Location Shelving location Date acquired Source of acquisition Total Checkouts Full call number Date last seen Copy number Koha item type
  Dewey Decimal Classification   Not For Loan Non-fiction Central Library, University of Rajshahi Central Library, University of Rajshahi Reading Room 15/08/1985 Asia Foundation,   338.5 AMP 1980 26/02/2019 C-1 Books